Every American Tank in War Thunder - Statistics

General Stats
  • This quiz has been taken 166 times
  • The average score is 33 of 76
Answer Stats
Tiers
Tanks % Correct
II M4
94%
IV M4/T26
94%
I M2
91%
I M3 Stuart
88%
I M3 GMC
87%
VII M1A1
71%
IV T34
69%
II M4A1
67%
II M4A2
67%
IV M26
65%
III M18 GMC
63%
I M22
61%
V M60
55%
II M24
54%
I M8 HMC
54%
I M13 MGMC
52%
III M42
51%
I M15 CGMC
50%
I M3A1 Stuart
50%
IV M46
49%
V T95
49%
I M2A2
48%
III T1E1
48%
V M47
47%
III M4A3E2
47%
IV M50
47%
II M5A1
47%
VII M1 Abrams
46%
III M6A1
46%
II M3 Lee
45%
VI M3 Bradley
44%
I M2A4
43%
V T32
43%
VII HSTV-L
42%
IV M56
42%
VIII M1A2 SEP
41%
IV T26E5
41%
I LVT(A)(1)
40%
II M10 GMC
40%
VI M60A1 (AOS)
40%
VI M60A1 RISE (P)
40%
V M103
39%
IV T25
39%
V M163
38%
VI M60A2
38%
IV M41A1
37%
III M4A2 (76) W
37%
VII M3A3 Bradley
36%
III M4A1 (76) W
36%
III M36B2
35%
VI M551
35%
VII M1128
34%
VIII M1A2 SEP V2
34%
III M4A3 (76) W
34%
IV T26E1-1
34%
IV T92
34%
IV M109A1
32%
V M48A1
32%
II M4A3 (105)
32%
IV M4A3E2 (76) W
32%
VII LAV-AD
31%
III M36 GMC
31%
VI M60A3 TTS
31%
VI MBT-70
31%
III M19A1
30%
VII M1A1 HC
30%
VIII M1A2 Abrams
30%
VI T95E1
30%
VI XM-803
29%
V T32E1
28%
VII IPM1
27%
VI M247
26%
II M16 MGMC
25%
VII XM975
21%
VI Imp. Chaparral
16%
VIII XM1069
7%
No matching quizzes found
Score Distribution
Percent of People with Each Score
Percentile by Number Answered
Your Score History
You have not taken this quiz